|
|
|
|
| LEADER |
02885nam a2200433 i 4500 |
| 001 |
45795 |
| 003 |
BD-DhAAL |
| 005 |
20260518154259.0 |
| 008 |
260518t20142020enkabf b 001 0 eng d |
| 010 |
|
|
|a 2013387368
|
| 020 |
|
|
|a 9780141990538
|
| 020 |
|
|
|a 9781594205842
|
| 020 |
|
|
|a 9780143126959
|
| 035 |
|
|
|a 18173075
|
| 035 |
|
|
|a (OCoLC)852221347
|
| 040 |
|
|
|a BTCTA
|b eng
|c BTCTA
|e rda
|d YDXCP
|d BDX
|d ABG
|d DLC
|d BD-DhAAL
|
| 042 |
|
|
|a lccopycat
|
| 043 |
|
|
|a a-ja---
|
| 050 |
0 |
0 |
|a DS806
|b .P49 2014
|
| 082 |
0 |
4 |
|a 952.0512
|2 23
|
| 100 |
1 |
|
|a Pilling, David
|c (Editor),
|e author.
|9 60847
|
| 245 |
1 |
0 |
|a Bending adversity :
|b Japan and the art of survival /
|c David Pilling.
|
| 246 |
|
3 |
|a Bending adversity
|
| 260 |
|
|
|a London :
|b The Penguin Press,
|c 2020.
|
| 300 |
|
|
|a xxxvi, 415 pages, 16 unnumbered pages of plates :
|b illustrations, maps ;
|c 20 cm
|
| 500 |
|
|
|a "First published in Allen Lane 2014. Published in Penguin Books 2014. Reissued with a new afterword 2020"
|
| 504 |
|
|
|a Includes bibliographical references (pages 319-348) and index.
|
| 505 |
0 |
|
|a Tsunami. Tsunami ; Bending adversity -- Double-bolted land. Shimaguni ; Leaving Asia -- Decades found and lost. The magic teapot ; After the fall -- Life after growth. Japan as number three ; Samurai with a quiff ; Life after growth ; The promised road ; From behind the screen -- Adrift. Asia ex-Japan ; Abnormal nation -- After the tsunami. Fukushima fallout ; Citizens ; After the tsunami.
|
| 520 |
|
|
|a Financial Times Asia editor David Pilling presents a fresh vision of Japan, drawing on his own deep experience, as well as observations from a cross section of Japanese citizenry, including novelist Haruki Murakami, former prime minister Junichiro Koizumi, industrialists and bankers, activists and artists, teenagers and octogenarians. Through their voices, Pilling captures the dynamism and diversity of contemporary Japan.
|
| 526 |
8 |
|
|a AAL
|
| 541 |
1 |
|
|a Donated by Embassy of Japan in Bangladesh, Read Japan Project 2025, The Tokyo Foundation, supported by The Nippon Foundation.
|e 45795
|
| 651 |
|
0 |
|a Japan
|x History
|y 21st century.
|9 60848
|
| 651 |
|
0 |
|a Japan
|x Politics and government
|y 21st century.
|9 60849
|
| 651 |
|
0 |
|a Japan
|x Economic conditions
|y 21st century.
|9 60850
|
| 651 |
|
0 |
|a Japan
|x Social conditions
|y 21st century.
|9 60851
|
| 852 |
1 |
|
|a Ayesha Abed Library
|c General Stacks
|
| 942 |
|
|
|2 ddc
|c BK
|
| 999 |
|
|
|c 47980
|d 47980
|
| 952 |
|
|
|0 0
|1 0
|2 ddc
|4 0
|6 952_051200000000000_PIL
|7 0
|9 79227
|a BRACUL
|b BRACUL
|d 2026-05-18
|e Donated by Embassy of Japan in Bangladesh, Read Japan Project 2025, The Tokyo Foundation, supported by The Nippon Foundation.
|l 0
|o 952.0512 PIL
|p 3010045795
|r 2026-05-18
|t 1
|w 2026-05-18
|y BK
|x Donated copy received from Embassy of Japan in Bangladesh, Read Japan Project 2025, The Tokyo Foundation, supported by The Nippon Foundation on 08 April 2026; £41.99 Price available in the Book
|